000 00527nam a2200229Ia 4500
008 210210b1911 xxu||||| |||| 00| 0 eng d
041 _aeng
082 _a515/85
100 _aMILNE (W P)
245 _aProjective geometry for use in colleges and schools
260 _aLondon
_bMacmillan & Co. Ltd.
_c1911
650 _ause
650 _aschools
650 _aProjective
650 _ain
650 _ageometry
650 _afor
650 _acolleges
650 _aand
690 _aGeometry
906 _a007649
999 _c140188
_d140188